000 01734cam a2200313 4500
001 L136128
008 070112n2007 000 0 eng u
020 _a1905018320
_a9781905018321
035 _a(Sirsi) u136128
041 0 _aeng
050 0 4 _a306.3 $2 18
100 1 _aWilcox, Steve
245 0 0 _aUK housing review 2006/2007
250 _a15th ed.
260 _aCoventry
_bCIH
_c2007
300 _a231p
_c21cm.
350 _a40
490 0 _aUK Housing Review
_v2006 $2 007
505 2 _aContemporary issues: A financial evaluation of the right to buy; Rising house prices - a look at the history; On the Barker trail; a guide to measures of rental affordability -- Commentary: Housing, the economy and public expenditure; Dwellings, stock condition and households; Private housing; Housing expenditure plans; Housing needs, homelessness and lettings; Help with housing costs.
520 _aProvides key information for managers and policy makers, bringing together up to date housing statistics for England (and its regions), Wales, Scotland and Northern Ireland. Over 200 charts and tables include data about UK and international economic trends, housing stock and conditions, house prices and market trends; housing investment by councils and housing associations; public expenditure plans; housing characteristics and incomes; rents and revenue spending; subsidies, tax relief and benefits; homelessness and lettings.
590 _aKA
650 2 4 _aBARKER REVIEW OF LAND USE PLANNING
650 2 4 _aUK HOUSING REVIEW
651 4 _aUnited Kingdom
_y
690 _aResidential property
_96266
710 2 _aCouncil of Mortgage Lenders
_95903
710 2 _aChartered Institute of Housing
_92394
942 _n0
999 _c106324
_d106324